| 000 | 01259nam0a22003011 4500 | ||
|---|---|---|---|
| 001 | v19\rc\1711266 | ||
| 005 | 20260614063030.0 | ||
| 035 | _a(NLR Aleph) 005230715 | ||
| 090 |
_a5602389 _c5602389 |
||
| 100 | _a20061002d1899 u y0rusy50 ca | ||
| 101 | 1 |
_arus _cfre |
|
| 102 | _aRU | ||
| 105 | _aa z ||||| | ||
| 200 | 1 |
_aБабушкины сказки _fЖорж Занд _gПер. с фр. М.А. Лазаревой _gС рис. худож. Табурина |
|
| 210 |
_aСанкт-Петербург _cВ.И. Губинский _dценз. 1899 |
||
| 215 |
_a280 с., 8 л. ил. _d19 |
||
| 532 | 1 | 3 | _aБабушкины сказки |
| 700 | 1 |
_8rus _7ca _aСанд _bЖ. _f1804-1876 _gЖорж _3RU\NLR\AUTH\7711394 _9121141 |
|
| 702 | 1 |
_4730 _7ca _8rus _aЛазарева _bМ. А. _cпереводчик _f19 в. _961719 _3RU\NLR\AUTH\7778791 |
|
| 702 | 1 |
_4440 _7ca _8rus _aТабурин _bВ. А. _cхудожник, дет. писатель _f1870-1954 _gВладимир Амосович _936324 _3RU\NLR\AUTH\7753392 |
|
| 801 | 0 |
_aRU _bNLR _c20061002 _gpsbo |
|
| 801 | 0 |
_aRU _bRuMoRGB _c20061002 _2psbo |
|
| 801 | 1 |
_aRU _bProSoft-M _c20061002 _2rusmarc |
|
| 801 | 2 |
_aRU _bNLR _c20090716 _2rusmarc |
|
| 852 |
_aNLR _j20.51.4.27 |
||
| 942 | _cBOOK | ||
| 980 | _aNB | ||